Państwa wymienione na stronie Wikipedii o Polsce - Statystyki

Ogólne statystyki
  • Ten quiz został rozwiązany 24 razy
  • Średni wynik to 26 z 40
Statystyki odpowiedzi
# Kontekst Państwo % Poprawnych
6 Od wschodu graniczy z... Białoruś
100%
6 Od południa graniczy z... Czechy
100%
10 Od północy graniczy z... Litwa
100%
9 Od zachodu graniczy z... Niemcy
100%
13 Od północy graniczy z... Rosja
100%
4 Od południa graniczy z... Słowacja
100%
9 Od wschodu graniczy z... Ukraina
100%
3 W ramach sojuszu NATO wojska ... stacjonują w Polsce w Orzyszu, Powidzu, Poznaniu, Świętoszowie, Żaganiu Stany Zjednoczone
95%
4 Zostało podzielone między Prusy, Rosję i... Austria
82%
1 Polacy żyją w dużych liczbach w... Kanada
82%
7 Społeczeństwo zaboru rosyjskiego upatrywało szansy na wyzwolenie w... Francja
77%
1 przez Polskę porusza się wiele pojazdów w ruchu tranzytowym między Europą Zachodnią i Południową oraz państwami wschodniej części kontynentu - ... Estonia
73%
1 przez Polskę porusza się wiele pojazdów w ruchu tranzytowym między Europą Zachodnią i Południową oraz państwami wschodniej części kontynentu - ... Łotwa
73%
4 Graniczy ze strefami... Szwecja
73%
1 Jest to poziom porównywalny do takich państw, jak Francja czy... Norwegia
68%
4 Polacy żyją w dużych liczbach w... Wielka Brytania
68%
1 renesansowy obraz autorstwa Leonarda da Vinci przedstawiający mediolańską arystokratkę Cecylię Gallerani został zakupiony przez księcia Adama Jerzego Czartoryskiego i sprowadzony z ... do Polski pod koniec XVIII w Włochy
68%
4 Graniczy ze strefami... Dania
64%
1 Głównymi krajami pochodzenia imigrantów z Afryki są kolejno: ... Egipt
64%
1 Była nazywana „azylem heretyków”; ściągali do niej prześladowani w zachodniej Europie mennonici, antytrynitarze, wypędzani z ... przez inkwizycję Żydzi Hiszpania
64%
2 Polacy na świecie to również liczna grupa pracujących zarobkowo, w XXI wieku głównie w... Holandia
64%
1 Polacy żyją w dużych liczbach w... Australia
59%
1 W roku 1830 grupa polskich spiskowców w carskiej armii, po otrzymaniu wieści o mobilizacji wojska rosyjskiego w celu rozbicia rewolucji w ... i Francji, Belgia
59%
1 Dla porównania na Słowacji wynosiły one 0,9%, w Wielkiej Brytanii 1,4%, a w Danii i ... 1,9% PKB Finlandia
59%
1 Rozpoczęła się ewakuacja urzędów centralnych, rządu i prezydenta przez granicę południową do... Rumunia
59%
1 Polacy żyją w dużych liczbach w... Argentyna
55%
1 Polacy żyją w dużych liczbach w... Brazylia
55%
1 Końcówka -ska występuje także w rodzimych nazwach innych krajów słowiańskich, na przykład w czeskiej i słowackiej nazwie Czech i Słowacji, czyli Česko i Slovensko, oraz w nazwie ... – Hrvatska Chorwacja
55%
1 Głównymi krajami pochodzenia imigrantów z Afryki są kolejno: ... Maroko
55%
1 Głównymi krajami pochodzenia imigrantów z Afryki są kolejno: ... Algieria
50%
1 Najważniejszymi partnerami handlowymi pod względem importu są... Chiny
50%
1 Herbata niezależnie pojawiła się w postaci daru z ... Chiny
50%
1 Polacy są najliczniejszą grupą obcokrajowców na... Islandia
50%
1 Głównymi krajami pochodzenia imigrantów z Afryki są kolejno: ... Republika Południowej Afryki
50%
1 Głównymi krajami pochodzenia imigrantów z Afryki są kolejno: ... Tunezja
50%
2 Polacy na świecie to również liczna grupa pracujących zarobkowo, w XXI wieku głównie w... Irlandia
41%
1 Głównymi krajami pochodzenia imigrantów z Afryki są kolejno: ... Nigeria
41%
1 Ulokowanie elementów infrastruktury wojskowej Sojuszu w Polsce, rozszerzenie NATO o Ukrainę i... Gruzja
36%
1 Polacy żyją w dużych liczbach w... Kazachstan
32%
1 Głównymi krajami pochodzenia imigrantów z Afryki są kolejno: ... Kamerun
23%
Nie znaleziono quizów pasujących do podanych kryteriów
Rozkład punktacji
Procent ludzi z każdym wynikiem
Percentyl według liczby udzielonych odpowiedzi
Twoja historia wyników
Nie rozwiązałeś tego quizu